[Event "Pereira Fiestas de la Cosecha op"]
[Site "Pereira"]
[Date "2023.08.25"]
[Round "3"]
[White "Restrepo, Hugo"]
[Black "Mena Cordoba, Yamil Octavio"]
[Result "1-0"]
[WhiteElo "1508"]
[BlackElo "1858"]
[PlyCount "59"]
[EventDate "2023.08.24"]
[EventType "swiss"]
[EventRounds "7"]
[EventCountry "COL"]
[SourceTitle "EXT 2024"]
[Source "ChessBase"]
[SourceDate "2023.10.10"]
[SourceVersion "1"]
[SourceVersionDate "2023.10.10"]
[SourceQuality "1"]

1. e4 e5 2. Nf3 d6 3. d4 Nd7 4. Bc4 c6 5. Nc3 Be7 6. Bb3 Ngf6 7. a4 0-0 8. 0-0 exd4 9. Nxd4 Nc5 10. Re1 Nxb3 11. Nxb3 Ng4 12. h3 Ne5 13. Qe2 Be6 14. Nd2 Ng6 15. Nf3 Qc7 16. a5 b5 17. Ng5 Bc4 18. Qh5 h6 19. Nf3 Bf6 20. Nd2 Be6 21. Qf3 Be5 22. Nf1 b4 23. Nd1 f5 24. Ng3 fxe4 25. Qxe4 Qf7 26. Qxb4 Qxf2+ 27. Nxf2 Bxg3 28. Rxe6 Bxf2+ 29. Kh2 Ne5 30. Qxd6 1-0